Statistics for Game of Thrones Season 2

Click here to take the quiz!

General Stats

  • This quiz has been taken 640 times
  • The average score is 15 of 20

Answer Stats

HintAnswer% Correct
Who is acting as Hand of the King while his father is at war?Tyrion Lannister
99%
Who betrays Robb and captures Winterfell while he is at war?Theon Greyjoy
91%
Who is captured in battle by Robb Starks army?Jaime Lannister
89%
Who saves Jaqen H'ghar from his cell when it is about to catch fire?Arya Stark
88%
Who creates a "shadow" to kill his brother?Stannis Baratheon
88%
What is the name of Roberts bastard son that the Lannisters are looking for? (Friends with Arya)Gendry
86%
Who kills Qhorin Halfhand at his request so he can infiltrate the Wildling camp and gain their trust?Jon Snow
86%
Who does Tyrion tell that he is sending Princess Myrcells to marry Theon Greyjoy?Varys
86%
What is the name of the battle that happens at Kings Landing? (The Battle of __________ Bay)Blackwater
84%
Who does Tyrion tell that he is sending Princess Myrcella to marry Robin Aryn of The Vale?Petyr Baelish
84%
Who will be Hand of the King if Stannis Baratheon succeeds?Ser Davos Seaworth
82%
What "weapon" is used against the Baratheon Naval Fleet?Wild Fire
81%
What is the name of the "Red Priestess"Melisandre
80%
Who does Tyrion tell that he is sending Princess Myrcella to marry the Prince of Dorne?Grand Maester Pycelle
71%
What does Craster give to the White Walkers as a sacrafice?His Sons
70%
What city is called "The Greatest City that Ever Was or Ever Will Be"Qarth
59%
What is the name of the "cursed" castle where Arya, Gendry and Hot Pie are held captive?Harrenhall
56%
Who does Catelyn Stark visit to convince him to join Robb Stark as an ally in the war?Renly Baratheon
55%
Daenerys has her dragons stolen by the Warlock Pyat Pree, where does he keep them? (The ______ of the _______)House, Undying
46%
What is R'hollor commonly referred to as?The Lord of Light
44%

Score Distribution

Percentile by Number Answered

Percent of People with Each Score

Your Score History

You have not taken this quiz